Organizácia manažérskej práce vybrané kapitoly

Salvato in:
Dettagli Bibliografici
Autore principale: Stračár, Vladislav
Ente Autore: Ekonomická univerzita v Bratislave. Fakulta podnikového manažmentu
Natura: Libro
Lingua:slovacco
Pubblicazione: Bratislava Vydavateľstvo EKONÓM 2003
Soggetti:
Tags: Aggiungi Tag
Nessun Tag, puoi essere il primo ad aggiungerne!!

MARC

LEADER 00000nam$a2200000$$$4500
001 0000358
005 20240223112005.7
020 |a 80-225-1722-4 
041 0 |a slo 
044 |a SK 
245 1 0 |a Organizácia manažérskej práce  |b vybrané kapitoly  |c aut. Vladislav Stračár 
264 1 |a Bratislava  |b Vydavateľstvo EKONÓM  |c 2003 
300 |a 165 s. 
610 2 0 |a práca riadiaca 
610 2 0 |a manažéri 
610 2 0 |a manažment 
610 2 0 |a osobnosť 
610 2 0 |a vedenie 
610 2 0 |a organizácia práce 
100 1 |a Stračár, Vladislav 
710 2 |a Ekonomická univerzita v Bratislave. Fakulta podnikového manažmentu